Peniaze v teoretických systémoch J.M. Keynesa a M. Friedmana inauguračná prednáška

Gespeichert in:
Bibliographische Detailangaben
1. Verfasser: Gonda, Vladimír
Körperschaft: Ekonomická univerzita v Bratislave. Národohospodárska fakulta
Format: Buch
Sprache:Slowakisch
Veröffentlicht: Bratislava 2007
Schriftenreihe:Habilitačné a inauguračné prednášky
Schlagworte:
Tags: Tag hinzufügen
Keine Tags, Fügen Sie das erste Tag hinzu!

MARC

LEADER 00000nam$a2200000$$$4500
001 0070553
005 20240502071839.6
041 0 |a slo 
044 |a SK 
245 1 0 |a Peniaze v teoretických systémoch J.M. Keynesa a M. Friedmana  |b inauguračná prednáška  |c Vladimír Gonda 
264 1 |a Bratislava  |c 2007 
300 |a 60 s. 
490 1 |a Habilitačné a inauguračné prednášky 
830 0 |a Habilitačné a inauguračné prednášky 
610 2 0 |a teórie ekonomické 
610 2 0 |a peniaze 
610 2 0 |a Keynes, J.M. 
610 2 0 |a Friedman, M. 
100 1 |a Gonda, Vladimír 
710 2 |a Ekonomická univerzita v Bratislave. Národohospodárska fakulta